[Event "GER-chT Federal Cup (Women)"]
[Site "Braunfels"]
[Date "2024.05.31"]
[Round "3.7"]
[White "Neustadt, Tatjana"]
[Black "Kohl, Natalie"]
[Result "0-1"]
[WhiteElo "778"]
[BlackElo "1683"]
[PlyCount "50"]
[EventDate "2024.05.30"]
[EventType "team-swiss"]
[EventRounds "5"]
[EventCountry "GER"]
[SourceTitle "CBM 220 Extra"]
[Source "ChessBase"]
[SourceDate "2024.07.31"]
[SourceVersion "1"]
[SourceVersionDate "2024.07.31"]
[SourceQuality "1"]
[WhiteTeam "Saarland (W)"]
[BlackTeam "Thueringen (W)"]
[WhiteTeamCountry "GER"]
[BlackTeamCountry "GER"]

1. d4 Nf6 2. Nf3 e6 3. Bf4 b6 4. e3 Bb7 5. a3 Be7 6. Nc3 0-0 7. h3 d6 8. Qd3 Nbd7 9. Be2 c5 10. d5 Nxd5 11. Nxd5 Bxd5 12. Ng5 Bxg5 13. f3 Bxf4 14. 0-0-0 c4 15. Qc3 Be5 16. e4 Bxc3 17. bxc3 Qg5+ 18. Kb1 Bc6 19. g4 Qb5+ 20. Ka1 Qa4 21. Ka2 Qxc2+ 22. Ka1 Qxc3+ 23. Ka2 Qb3+ 24. Ka1 c3 25. Rb1 Qxa3# 0-1

[Event "GER-chT Federal Cup (Women)"]
[Site "Braunfels"]
[Date "2024.05.30"]
[Round "1.6"]
[White "Neustadt, Tatjana"]
[Black "Liez, Franziska"]
[Result "0-1"]
[WhiteElo "778"]
[BlackElo "1915"]
[PlyCount "94"]
[EventDate "2024.05.30"]
[EventType "team-swiss"]
[EventRounds "5"]
[EventCountry "GER"]
[SourceTitle "CBM 220 Extra"]
[Source "ChessBase"]
[SourceDate "2024.07.31"]
[SourceVersion "1"]
[SourceVersionDate "2024.07.31"]
[SourceQuality "1"]
[WhiteTeam "Saarland (W)"]
[BlackTeam "Hessen (W)"]
[WhiteTeamCountry "GER"]
[BlackTeamCountry "GER"]

1. d4 Nf6 2. Nf3 e6 3. Nc3 d5 4. Bf4 Bb4 5. a3 Bxc3+ 6. bxc3 Nbd7 7. h3 c5 8. e3 Qa5 9. Nd2 Qxc3 10. Bb5 cxd4 11. 0-0 dxe3 12. Bxe3 0-0 13. a4 a6 14. Bd3 Nc5 15. Nf3 Nxd3 16. Bd4 Qa5 17. Qxd3 Ne4 18. c3 f6 19. Nd2 Nxd2 20. Qxd2 e5 21. Be3 Bf5 22. Qb2 b5 23. axb5 Qxb5 24. Qxb5 axb5 25. Rxa8 Rxa8 26. Rd1 Be6 27. Rb1 Bd7 28. Rb4 Ra4 29. g4 Rxb4 30. cxb4 d4 31. Bd2 g6 32. f3 f5 33. g5 Kf7 34. Kf2 Ke6 35. h4 e4 36. fxe4 fxe4 37. Ke2 Kd5 38. Bc1 Kc4 39. Bd2 Bg4+ 40. Ke1 e3 41. Bc1 Kxb4 42. Bb2 d3 43. Bd4 d2+ 44. Kf1 d1Q+ 45. Kg2 Qf3+ 46. Kh2 Qf2+ 47. Kh1 Bf3# 0-1